Biggest Chicago Suburbs - Statistics

General Stats
  • This quiz has been taken 99 times
  • The average score is 6 of 10
Answer Stats
# Pop. Answer % Correct
3 149,540 Naperville
92%
1 180,542 Aurora
86%
2 150,362 Joliet
75%
9 78,110 Evanston
71%
8 78,723 Schaumburg
58%
4 114,797 Elgin
57%
6 89,321 Waukegan
51%
7 85,268 Cicero
46%
5 99,986 Kenosha
13%
10 77,879 Hammond
11%
No matching quizzes found
Score Distribution
Percent of People with Each Score
Percentile by Number Answered
Your Score History
You have not taken this quiz